| LEADER | 00501nam a2200205Ia 4500 | ||
|---|---|---|---|
| 001 | CTU_100309 | ||
| 008 | 210402s9999 xx 000 0 und d | ||
| 020 | |c 47.60 | ||
| 082 | |a 338.07 | ||
| 082 | |b J33 | ||
| 100 | |a Jankowicz, A. D. | ||
| 245 | 0 | |a Business research projects | |
| 245 | 0 | |c A. D. Jankowicz | |
| 260 | |a Australia | ||
| 260 | |b Thomson | ||
| 260 | |c 2005 | ||
| 650 | |a Business | ||
| 650 | |x Research | ||
| 904 | |i zTruc | ||
| 980 | |a Trung tâm Học liệu Trường Đại học Cần Thơ | ||